| 000 | 00633nam a22001937a 4500 | ||
|---|---|---|---|
| 999 |
_c187084 _d187084 |
||
| 005 | 20220331105305.0 | ||
| 010 | _aENG-132176 | ||
| 020 |
_a9788195391998 _c820.00 |
||
| 035 | _aEN-115708 | ||
| 037 | _bDBAD/PUB | ||
| 082 | _a621.381 | ||
| 100 | _aAmarnath, G. | ||
| 245 |
_aAnalog Electronics/ _cG. Amarnath and K. S. Monica |
||
| 260 |
_aHyderabad _bSriKrishna Techno Books _c2021 |
||
| 270 |
_a#326, III Floor, Surneni Nilayam Near B K Guda Park, S R Nagar _mstudentshelpline.in@gmail.com _e500038 _bHyderabad |
||
| 300 |
_axii, 344p. _c24cm(pbk) |
||
| 700 | _aMonica, K.S. | ||
| 942 |
_2ddc _cEN _mAMA _h621.381 |
||